| 000 | 00749nam a2200217Ia 4500 | ||
|---|---|---|---|
| 005 | 20250507130347.0 | ||
| 008 | 008 250505s9999 xx 000 0 eng d | ||
| 020 | _a1920185039154 | ||
| 037 | _aAnnuals, Advances | ||
| 040 |
_aEASL _beng _cEASL |
||
| 041 |
_aeng _2eng |
||
| 084 |
_aQ4:4198.42, P5 _qEASL |
||
| 100 | _aReader Ian | ||
| 245 | 0 | _aMaking Pilgrimages: Meaning and Practice in Shikoku | |
| 260 |
_aUSA _bHawai'i University of Hawai'i press _c2005 |
||
| 300 | _axiv,350p. | ||
| 365 |
_a¥ _b4110 |
||
| 650 |
_aBuddhist pilgrims and pilgrimages - Japan - Shikoku region; Shikoku region - Japan - Religious life and customs; JEL _9755254 |
||
| 942 |
_cTEXL _hQ4:4198.42, P5 |
||
| 999 |
_c1319226 _d1319226 |
||